|
|
|
|
| LEADER |
02202nam a2200577 a 4500 |
| 001 |
nkc20102131292 |
| 003 |
CZ PrNK |
| 005 |
20101207085920.0 |
| 007 |
ta |
| 008 |
101014s2010 xr a e c 000 0dcze |
| 015 |
|
|
|a cnb002131292
|
| 020 |
|
|
|a 978-80-7035-456-8
|q (brož.)
|
| 035 |
|
|
|a (OCoLC)697266140
|
| 040 |
|
|
|a BOA001
|b cze
|
| 041 |
1 |
|
|a cze
|h ger
|
| 043 |
|
|
|a e-au---
|
| 045 |
|
|
|a x1y0
|
| 072 |
|
7 |
|a 72/76
|x Výtvarné umění
|2 Konspekt
|9 21
|
| 080 |
|
|
|a 72/76
|2 MRF
|
| 080 |
|
|
|a 7.036/.038
|2 MRF
|
| 080 |
|
|
|a 72/76:069.5
|2 MRF
|
| 080 |
|
|
|a (436.1)
|2 MRF
|
| 080 |
|
|
|a (083.824)
|2 MRF
|
| 245 |
0 |
0 |
|a Monet - Warhol :
|b mistrovská díla z Albertina Museum a Batlinerovy sbírky : [Národní galerie v Praze - Sbírka moderního a současného umění, Veletržní palác, 13. října 2010 - 7. ledna 2011 /
|c autoři Milan Knížák ... et al. ; editorka Olga Uhrová]
|
| 260 |
|
|
|a V Praze :
|b Národní galerie,
|c 2010
|
| 300 |
|
|
|a 105 s. :
|b barev. il. ;
|c 22 cm
|
| 500 |
|
|
|a Rozložená tit. s.
|
| 500 |
|
|
|a Část. přeloženo z němčiny
|
| 500 |
|
|
|a Chronologický přehled
|
| 648 |
|
4 |
|a 1917-2007
|
| 650 |
0 |
7 |
|a výtvarné umění
|7 ph116708
|y 20.-21. stol.
|2 czenas
|
| 650 |
0 |
7 |
|a moderní umění
|7 ph115340
|2 czenas
|
| 650 |
0 |
7 |
|a umělecké sbírky
|7 ph135222
|z Rakousko
|2 czenas
|
| 650 |
0 |
9 |
|a art
|y 20th-21st centuries
|2 eczenas
|
| 650 |
0 |
9 |
|a modern art
|2 eczenas
|
| 650 |
0 |
9 |
|a art collections
|z Austria
|2 eczenas
|
| 655 |
|
7 |
|a katalogy výstav
|7 fd132536
|2 czenas
|
| 655 |
|
9 |
|a exhibition catalogs
|2 eczenas
|
| 610 |
2 |
7 |
|a Erzherzogliche Kunstsammlung Albertina
|7 ko2003196003
|2 czenas
|
| 610 |
2 |
7 |
|a Sammlung Batliner
|7 kn20101201001
|2 czenas
|
| 651 |
|
7 |
|a Vídeň (Rakousko)
|7 ge131380
|2 czenas
|
| 651 |
|
9 |
|a Vienna (Austria)
|2 eczenas
|
| 700 |
1 |
|
|a Knížák, Milan,
|d 1940-
|7 jk01060827
|4 wfw
|
| 700 |
1 |
|
|a Uhrová, Olga
|7 jn20010309655
|4 edt
|
| 710 |
2 |
|
|a Veletržní palác (Praha, Česko)
|7 kn20050509008
|
| 710 |
2 |
|
|a Fotosammlung Albertina
|7 pna2007418233
|
| 910 |
2 |
|
|a BOA001
|b 2-1246.756
|
| 990 |
|
|
|a BK
|
| 995 |
|
|
|a 01
|
| 991 |
|
|
|b 201011
|c NOV
|e n
|
| 996 |
6 |
|
|b 2610451703
|c 2-1246.756
|l MZK
|r Sklad / do 1 hodiny
|n 2
|p p.v.
|w 001154163
|u 000010
|a 1
|e BOA001
|j MZK50
|s P
|